000 00766nam a2200217 i 4500
001 115465
003 ES-MaACL
005 20250825062600.0
007 t|
008 070309s1928 sp ||||1| spa d
080 _a821.134.2-22"192
100 1 _aMéndez de la Torre, Emilio.
_980149
245 1 4 _aLos hijos de trapo
_b: comedia en tres actos /
_cEmilio Méndez de la Torre.
260 _aMadrid :
_bPrensa Moderna,
_c1928.
300 _a61 p. ;
_c17 cm.
490 1 _aEl Teatro moderno ;
_v134
500 _aEstrenada en el Teatro Principal, de Zaragoza, el 24 de noviembre de 1927, y en el de Lara, de Madrid, el 9 de marzo de 1928.
830 0 3 _aEl teatro moderno (Prensa Moderna)
_v134
_9182365
852 _aES-MaACL
_jC-13038
999 _c115465
_d115465